Bills of lading and bankers' documentary credits / (Record no. 613984)
[ view plain ]
| 000 -LEADER | |
|---|---|
| fixed length control field | 01138cam a2200313 a 4500 |
| 001 - CONTROL NUMBER | |
| control field | 15365975 |
| 005 - DATE AND TIME OF LATEST TRANSACTION | |
| control field | 20250628181759.0 |
| 008 - FIXED-LENGTH DATA ELEMENTS--GENERAL INFORMATION | |
| fixed length control field | 080714s2007 enk b 001 0 eng d |
| 010 ## - LIBRARY OF CONGRESS CONTROL NUMBER | |
| LC control number | 2008428306 |
| 020 ## - INTERNATIONAL STANDARD BOOK NUMBER | |
| International Standard Book Number | 9781843116318 |
| 020 ## - INTERNATIONAL STANDARD BOOK NUMBER | |
| International Standard Book Number | 1843116316 |
| 035 ## - SYSTEM CONTROL NUMBER | |
| System control number | (OCoLC)ocn193794933 |
| 040 ## - CATALOGING SOURCE | |
| Original cataloging agency | LRL |
| Transcribing agency | LRL |
| Modifying agency | BAKER |
| -- | YDXCP |
| -- | DLC |
| 042 ## - AUTHENTICATION CODE | |
| Authentication code | lccopycat |
| 050 00 - LIBRARY OF CONGRESS CALL NUMBER | |
| Classification number | KD1697 |
| Item number | .T63 2007 |
| 082 ## - DEWEY DECIMAL CLASSIFICATION NUMBER | |
| Classification number | 343.09672 |
| Author Mark | TOD |
| 100 1# - MAIN ENTRY--PERSONAL NAME | |
| Personal name | Todd, Paul, |
| Dates associated with a name | 1954- |
| 245 10 - TITLE STATEMENT | |
| Title | Bills of lading and bankers' documentary credits / |
| Statement of responsibility, etc. | by Paul Todd. |
| 250 ## - EDITION STATEMENT | |
| Edition statement | 4th ed. |
| 260 ## - PUBLICATION, DISTRIBUTION, ETC. | |
| Place of publication, distribution, etc. | London : |
| Name of publisher, distributor, etc. | Informa, |
| Date of publication, distribution, etc. | 2007. |
| 300 ## - PHYSICAL DESCRIPTION | |
| Extent | xxvi, 335 p. ; |
| Dimensions | 25 cm. |
| 504 ## - BIBLIOGRAPHY, ETC. NOTE | |
| Bibliography, etc. note | Includes bibliographical references and index. |
| 650 #0 - SUBJECT ADDED ENTRY--TOPICAL TERM | |
| Topical term or geographic name entry element | Documentary credit |
| General subdivision | Law and legislation |
| Geographic subdivision | Great Britain. |
| 9 (RLIN) | 129280 |
| 650 #0 - SUBJECT ADDED ENTRY--TOPICAL TERM | |
| Topical term or geographic name entry element | Bills of lading |
| Geographic subdivision | Great Britain. |
| 9 (RLIN) | 20029 |
| 856 42 - ELECTRONIC LOCATION AND ACCESS | |
| Materials specified | Contributor biographical information |
| Uniform Resource Identifier | <a href="http://www.loc.gov/catdir/enhancements/fy1307/2008428306-b.html">http://www.loc.gov/catdir/enhancements/fy1307/2008428306-b.html</a> |
| 906 ## - LOCAL DATA ELEMENT F, LDF (RLIN) | |
| a | 7 |
| b | cbc |
| c | copycat |
| d | 2 |
| e | ncip |
| f | 20 |
| g | y-gencatlg |
| 942 ## - ADDED ENTRY ELEMENTS (KOHA) | |
| Source of classification or shelving scheme | |
| Koha item type | Book |
| Withdrawn status | Lost status | Source of classification or shelving scheme | Damaged status | Not for loan | Permanent Location | Current Location | Date acquired | Total Checkouts | Full call number | Barcode | Date last seen | Price effective from | Koha item type |
|---|---|---|---|---|---|---|---|---|---|---|---|---|---|
| NUST Law School (NLS) | NUST Law School (NLS) | 06/28/2025 | 343.09672 TOD | NLS-2882 | 06/28/2025 | 06/28/2025 | Book |
